|
|
|
|
| LEADER |
00000nam0a2200000 4500 |
| 001 |
57000 |
| 005 |
20231101211634.0 |
| 010 |
|
|
|a 5829103044
|
| 035 |
|
|
|a (RuTPU)RU\TPU\book\59964
|
| 090 |
|
|
|a 57000
|
| 100 |
|
|
|a 20031020d2003 m y0rusy50 ca
|
| 101 |
0 |
|
|a rus
|
| 102 |
|
|
|a RU
|
| 105 |
|
|
|a y j 001zy
|
| 200 |
1 |
|
|a Эмпирическая социология
|e учебное пособие
|f В. Ф. Анурин
|
| 210 |
|
|
|a Москва
|c Академический проект
|d 2003
|
| 215 |
|
|
|a 288 с.
|
| 225 |
1 |
|
|a Gaudeamus
|
| 320 |
|
|
|a Библиогр.: с. 285
|
| 320 |
|
|
|a Глоссарий: с. 281-284
|
| 606 |
1 |
|
|a Социологические исследования
|2 stltpush
|3 (RuTPU)RU\TPU\subj\37919
|9 58679
|
| 610 |
1 |
|
|a социология
|
| 610 |
1 |
|
|a социологические исследования
|
| 610 |
1 |
|
|a эмпирическая социология
|
| 610 |
1 |
|
|a статистические данные
|
| 610 |
1 |
|
|a социологическая информация
|
| 610 |
1 |
|
|a отчеты
|
| 610 |
1 |
|
|a справки
|
| 610 |
1 |
|
|a учебные пособия
|
| 686 |
|
|
|a С5в6я73
|v LBC/SL-A
|2 rubbk
|
| 700 |
|
1 |
|a Анурин
|b В. Ф.
|g Владимир Федорович
|
| 801 |
|
1 |
|a RU
|b 63413507
|c 20031020
|g PSBO
|
| 801 |
|
2 |
|a RU
|b 63413507
|c 20171215
|g PSBO
|
| 900 |
|
|
|a Социология массовой коммуникации
|
| 942 |
|
|
|c BK
|